000 00625nam a2200229Ia 4500
003 OSt
005 20220924125756.0
006 a|||||r|||| 00| 0
007 ta
008 220923b |||||||| |||| 00| 0 per d
024 _a331666
037 _cTextual
040 _aARTS
_cARTS
_bper
041 _2per
_aper
082 _aV45.N9, 164N7
100 _aRazmaju Hussain Au.
_9198900
245 0 _aTuluie dar ghuroob
260 _aTehran
_bIntasharat aawi-e-noor Iran
_c1997
650 _aIRAN - HISTORY
942 _hV45.N9, 164N7
_cTEXL
_2CC
999 _c423354
_d423354